مكتبة جامعة عجلون الوطنية

فهرس بحث المكتبة

Normal view MARC view
  • الدولة العربية الاسلامية

Entry Topical Term

Number of records used in: 1

001 - CONTROL NUMBER

  • control field: 19982

003 - CONTROL NUMBER IDENTIFIER

  • control field: JO-AjAnu

005 - DATE AND TIME OF LATEST TRANSACTION

  • control field: 20230606073501.0

008 - FIXED-LENGTH DATA ELEMENTS

  • fixed length control field: 230606|| aca||aabn | a|a d

040 ## - CATALOGING SOURCE

  • Original cataloging agency: JO-AjAnu
  • Transcribing agency: JO-AjAnu

150 ## - HEADING--TOPICAL TERM

  • Topical term or geographic name entry element: الدولة العربية الاسلامية

670 ## - SOURCE DATA FOUND

  • Source citation: Work cat.: (JO-AjAnu)10260: الكواكبي،عبد الرحمن ، صالح،غانم محمد ، العاني،نوري عبد الحميد ، جواد،حسن فاضل ،واخرون/بحث, author 19981, ام القرى